|
|
|
|
| LEADER |
00000nam a2200000 a 4500 |
| 001 |
vtls008865863 |
| 003 |
SK-MaSNL |
| 005 |
20260301035902.0 |
| 008 |
251112s1577 xx 0 lat |
| 015 |
|
|
|a SNBHFA
|
| 035 |
|
|
|a cpl000126636
|
| 040 |
|
|
|a SNKHF
|b slo
|c SNKHF
|e rda
|
| 041 |
0 |
|
|a lat
|
| 044 |
|
|
|a xx
|c XX
|
| 072 |
|
7 |
|a 17
|x Etika. Morálna filozofia
|2 konspekt
|
| 080 |
|
|
|a 172.1/.2
|2 2011
|
| 080 |
|
|
|a 001
|2 2011
|
| 130 |
1 |
|
|a Commentariorum
|9 339075
|
| 245 |
1 |
0 |
|a Commentariorvm De Regno Avt Qvovis Principatu recte et tranquille administrando, Libri Tres. In Qvibvs Ordine Agitvr De Consilio, Religione et Politia, quas Princeps quilibet in ditione sua tueri et obsseruare debet. Adversvs Nicolavm Machiauellum Florentinum
|
| 264 |
|
3 |
|a [Bez miesta]
|b [bez tlačiara]
|c MDLXXVII (1577)
|
| 300 |
|
|
|a 12 nečíslovaných strán, 708 strán, 9 nečíslovaných strán
|c 8°
|c 18 x 12 cm
|
| 336 |
|
|
|a text
|b txt
|2 rdacontent
|
| 337 |
|
|
|a bez média
|b n
|2 rdamedia
|
| 338 |
|
|
|a zväzok
|b nc
|2 rdacarrier
|
| 500 |
|
|
|a Signet, kustódy, vo väzbe zlomky Biblie
|
| 504 |
|
|
|a Marginálie
|
| 546 |
|
|
|a Latinčina
|b Kurzíva
|
| 561 |
|
|
|a Proveniencia: supralibros G F E A 1579.
|5 SNK ID 60043
|
| 562 |
|
|
|a Rukopisné poznámky v latinčine.
|5 SNK ID 60043
|
| 562 |
|
|
|a Defekt: poškodený titulný list.
|5 SNK ID 60043
|
| 563 |
|
|
|a Väzba: renesančná s figurálnou slepotlačou.
|5 SNK ID 60043
|
| 650 |
0 |
7 |
|a politická etika
|2 SNKPH
|9 4738
|
| 650 |
0 |
7 |
|a veda
|2 SNKPH
|9 1599
|
| 700 |
1 |
|
|a Macchiavelli, Niccolo
|4 aut
|9 339076
|
| 700 |
0 |
|
|a G.F.E.A.
|d 1579
|4 fmo
|9 339077
|
| 852 |
|
|
|a snk
|h ID 60043
|
| 958 |
|
|
|a DA
|
| 958 |
|
|
|a ONDV
|
| 999 |
|
|
|c 585093
|d 587023
|
| 952 |
|
|
|t Tlače 16. storočia
|a SNK
|b SNK
|c SNK_HF
|y PREZ
|7 0
|p 17A1358810
|o snkID 60043
|i snkF 489/73
|0 0
|1 0
|4 0
|d 2021-05-17
|f 1
|l 0
|r 2026-02-23 15:05:40
|w 2026-02-23
|